000 00537nam a22001817a 4500
999 _c189256
_d189256
005 20220622151226.0
010 _aENG-133327
020 _a9788179941737
_c50.00
035 _aEN-116859
037 _bDBAD/PUB
082 _a220.21
100 _aKashyap, R.L.
245 _aTaittiriya Upanishad/
_cR.L. Kashyap
260 _aBengaluru
_bSakshi
_c2018
270 _a# 63, 13th Main, 4th Block East, Jayanagar
_bBengaluru
_e560011
_minfo@vedah.com
300 _aviii, 111p.
_c21cm(pbk)
942 _2ddc
_cEN
_h220.21
_mKAS